| 000 | 00744nam a2200205 a 4500 | ||
|---|---|---|---|
| 001 | 000009938 | ||
| 005 | 20240412074214.0 | ||
| 008 | 091002s2005 dr r 000 p spa d | ||
| 040 |
_aDO-SdBNP _bspa _cBNPHU |
||
| 082 |
_aRD861.44 _bD277c |
||
| 100 | 1 |
_aDíaz, José, _d1955- _924870 |
|
| 245 | 1 | 0 |
_aConversatorio romántico con la nieve y otros entornos / _cJosé Díaz ; prólogo Victor Villegas ; presentación Carlos Jiménez. |
| 260 |
_aSanto Domingo : _bFormación, _c2005. |
||
| 300 |
_a60 p. ; _c22 cm. |
||
| 500 | _aIncluye datos biográficos del autor en la contracubierta | ||
| 650 | 0 |
_aPoesía dominicana _966 |
|
| 650 | 0 |
_aLiteratura dominicana. _967 |
|
| 700 | 1 |
_aVillegas, Victor, _epról. _97744 |
|
| 700 | 1 |
_aJiménez, Carlos _924871 |
|
| 999 |
_c9697 _d9697 |
||